Представление документа в формате MARC21

Поле Инд. ПП Название Значение
Тип записи a
Библиографический уровень m
001 Контрольный номер RU/IS/BASE/215621639
005 Дата корректировки 20260123105115.1
008 Кодируемые данные 20061031
040 b Код языка каталог. rus
e Правила каталог. PSBO
041 0_ a Код языка текста rus
084 a Индекс другой классификации/Индекс ББК 84(4Вел)511.2-5; 84(4Вел)511.2-51; 84(4Вел)511.2-53
090 a Полочн. индекс 84(4Вел)511.2-5
x Авторский знак М 607
100 1_ a Автор Мильтон Дж.
q Полное имя Мильтон Джон
d Даты 1608-1674
245 10 a Заглавие Потерянный рай; Стихотворения; Самсон-борец
c Ответственность перевод с английского Ю. Корнеева, А. Штейнберга; вступительная статья А. Аникста; редактор Т. Блантер; художник Д. Бисти
260 a Место издания Москва
b Издательство Художественная литература
c Дата издания 1976
300 a Объем 575 с.
b Иллюстрации/ тип воспроизводства ил., портр.
336 a Термин вида содержания Текст
337 a Термин типа средства непосредственный
440 a Серия Библиотека всемирной литературы
n Номер части Серия первая
p Название части Литература Древнего Востока, Античного мира, Средних веков, Возрождения XVII и XVIII веков
v N тома Т.45
504 a Библиография Примеч.: с. 507-570
505 a Форматированное содержание Джон Мильтон
b Автор Аникст А.
600 a Персоналии Мильтон Джон
650 a Основная рубрика художественная литература
653 a Ключевые слова XVII век
a Ключевые слова английская литература
a Ключевые слова Великобритания
a Ключевые слова псалмы
655 a Жанр/ форма (устаревшее) поэзия
a Жанр/ форма (устаревшее) эпиграмма
a Жанр/ форма (устаревшее) сонет
a Жанр/ форма (устаревшее) элегия
a Жанр/ форма (устаревшее) стихотворение
700 a Автор Аникст А. А.
e Роль лиц автор вступительной статьи
700 1_ a Автор Блантер Т.
e Роль лиц редактор
700 1_ a Автор Корнеев Ю.
e Роль лиц переводчик
700 1_ a Автор Штейнберг А.
e Роль лиц переводчик
700 1_ a Автор Бисти Д.
e Роль лиц художник
901 t Тип документа m
952 a Тип литературы для КСУ ВШ ЛХИ